| 000 | 00670nam a22001937a 4500 | ||
|---|---|---|---|
| 008 | 131017t mx||||| |||| 00| 0 spa d | ||
| 020 | _a9682320453 | ||
| 050 | 0 | 4 |
_aLB2822.75 _bE93 1996 |
| 245 |
_aEvaluación curricular : _bUna guía para la intervención psicopedagógica / _ccoaut. Jesús Fuertes ... [et al.] ; dir., Miguel A. Verdugo |
||
| 250 | _a2a ed. | ||
| 260 |
_aMadrid : _bSiglo Veintiuno, _c1996 |
||
| 300 |
_axv, 762 p. ; _c24 cm. |
||
| 440 | 0 | _aManuales / Psicología | |
| 504 | _aIncluye índices | ||
| 650 | 4 | _aEvaluación curricular | |
| 700 | 1 |
_aFuertes, Jesús, _ecoaut. |
|
| 700 | 1 |
_aVerdugo Alonso, Miguel Á., _edir. |
|
| 942 |
_2lcc _cLIB |
||
| 999 |
_c43328 _d43328 |
||